[Event "Benidorm op-A"]
[Site "Benidorm"]
[Date "2023.11.05"]
[Round "9"]
[White "Rutherford, William"]
[Black "Gonzalez Aguirre, Luis"]
[Result "1/2-1/2"]
[WhiteElo "1926"]
[BlackElo "2008"]
[PlyCount "83"]
[EventDate "2023.10.29"]
[EventType "swiss"]
[EventRounds "9"]
[EventCountry "ESP"]
[SourceTitle "CBM 217 Extra"]
[Source "ChessBase"]
[SourceDate "2024.01.31"]
[SourceVersion "1"]
[SourceVersionDate "2024.01.31"]
[SourceQuality "1"]

1. d4 d5 2. Bf4 c5 3. e3 cxd4 4. exd4 Nc6 5. c3 Nf6 6. Nd2 Bf5 7. Ngf3 e6 8. Qb3 Qc8 9. Bb5 a6 10. Be2 Be7 11. 0-0 0-0 12. Rfe1 Nh5 13. Be3 Nf6 14. Ne5 Qc7 15. f4 Ne4 16. g4 Nxd2 17. Bxd2 Be4 18. Qd1 Nxe5 19. fxe5 f6 20. Bf4 fxe5 21. Bxe5 Bd6 22. Bxd6 Qxd6 23. Bd3 Rf4 24. Bxe4 dxe4 25. Qe2 Raf8 26. Rf1 g5 27. Rxf4 Rxf4 28. Rf1 Qd5 29. b3 b5 30. h3 b4 31. Qd2 e5 32. Rd1 bxc3 33. Qxc3 e3 34. Qxe3 exd4 35. Qe8+ Rf8 36. Qa4 Qf3 37. Qc4+ Rf7 38. Rd3 Qf2+ 39. Kh1 Qf1+ 40. Kh2 Qf2+ 41. Kh1 Qf1+ 42. Kh2 1/2-1/2

[Event "Ayr op"]
[Site "Ayr"]
[Date "2018.05.26"]
[Round "2"]
[White "Rutherford, William"]
[Black "Gray, Euan"]
[Result "1-0"]
[WhiteElo "1959"]
[BlackElo "1862"]
[PlyCount "127"]
[EventDate "2018.05.25"]
[EventType "swiss"]
[EventRounds "5"]
[EventCountry "SCO"]
[SourceTitle "CBM 184 Extra"]
[Source "ChessBase"]
[SourceDate "2018.06.28"]
[SourceVersion "1"]
[SourceVersionDate "2018.06.28"]
[SourceQuality "1"]

1. d4 Nf6 2. Bf4 g6 3. e3 d5 4. Nf3 Bg7 5. h3 0-0 6. Bd3 c5 7. c3 b6 8. 0-0 Bb7 9. Nbd2 Nc6 10. Bh2 Nd7 11. Bb5 a6 12. Bxc6 Bxc6 13. Ne5 Nxe5 14. dxe5 d4 15. exd4 cxd4 16. c4 f6 17. Re1 Qc8 18. Qe2 Qb7 19. f3 Rad8 20. Rad1 b5 21. Nb3 d3 22. Rxd3 Rxd3 23. Qxd3 bxc4 24. Qxc4+ Bd5 25. Qd3 fxe5 26. Bxe5 Bxe5 27. Rxe5 e6 28. Qe2 Rb8 29. h4 Bxb3 30. axb3 Qxb3 31. Rxe6 Qb5 32. Re7 Qxe2 33. Rxe2 Rb4 34. g3 Rb3 35. Kf2 a5 36. g4 a4 37. Kg3 a3 38. bxa3 Rxa3 39. Re7 Ra4 40. h5 Ra5 41. hxg6 hxg6 42. Kh4 Rb5 43. f4 Kf8 44. Re5 Rb7 45. Kg5 Kg7 46. Ra5 Rc7 47. Ra6 Rc5+ 48. f5 gxf5 49. gxf5 Rc1 50. Ra7+ Kf8 51. Kg6 Rg1+ 52. Kf6 Ke8 53. Ra8+ Kd7 54. Kf7 Kd6 55. f6 Kd7 56. Rg8 Re1 57. Rg2 Kd8 58. Rd2+ Kc7 59. Kf8 Kc8 60. f7 Kc7 61. Rd4 Rg1 62. Ke7 Re1+ 63. Kf6 Rf1+ 64. Ke6 1-0

[Event "Ayr op"]
[Site "Ayr"]
[Date "2017.05.28"]
[Round "5"]
[White "Shaheen, Jalal"]
[Black "Rutherford, William"]
[Result "0-1"]
[WhiteElo "1730"]
[BlackElo "2004"]
[PlyCount "103"]
[EventDate "2017.05.26"]
[EventType "swiss"]
[EventRounds "5"]
[EventCountry "SCO"]
[SourceTitle "CBM 178 Extra"]
[Source "ChessBase"]
[SourceDate "2017.06.22"]
[SourceVersion "1"]
[SourceVersionDate "2017.06.22"]
[SourceQuality "1"]

1. e4 c6 2. d4 d5 3. Nc3 dxe4 4. Nxe4 Nf6 5. Ng3 c5 6. c3 cxd4 7. cxd4 Nc6 8. Nf3 e6 9. Bc4 Bb4+ 10. Bd2 Qa5 11. Ne2 Ne4 12. Qc2 Nxd2 13. Nxd2 Bxd2+ 14. Qxd2 Qxd2+ 15. Kxd2 0-0 16. Rhd1 Bd7 17. Ke1 Nb4 18. Rac1 Bc6 19. a3 Nd5 20. Bxd5 Bxd5 21. Nf4 Bc6 22. d5 exd5 23. Nxd5 Rfe8+ 24. Kf1 Re5 25. Ne3 h5 26. Rd4 Rae8 27. Rcd1 g6 28. Rd8 Rxd8 29. Rxd8+ Kg7 30. Ke2 Bxg2 31. f3 Bf1+ 32. Kf2 Bb5 33. Rd5 Rxd5 34. Nxd5 Bc6 35. Ne3 Kf6 36. Nc4 Ke6 37. Ke3 Kd5 38. Nd2 b5 39. f4 f6 40. b3 Ke6 41. b4 Kf5 42. Nb3 Kg4 43. Nd4 Bd7 44. Nf3 a6 45. Nd4 Kh3 46. Nf3 Bg4 47. Nd2 Kxh2 48. Ne4 Kg2 49. Nxf6 Bf5 50. Nd5 h4 51. Ke2 h3 52. Ne3+ 0-1

[Event "Dundee & Angus op"]
[Site "Dundee"]
[Date "2016.10.07"]
[Round "1"]
[White "Rutherford, William"]
[Black "Berera, Siddharth"]
[Result "1-0"]
[WhiteElo "1912"]
[BlackElo "1650"]
[PlyCount "81"]
[EventDate "2016.10.07"]
[EventType "swiss"]
[EventRounds "5"]
[EventCountry "SCO"]
[SourceTitle "EXT 2023"]
[Source "ChessBase"]
[SourceDate "2022.10.05"]
[SourceVersion "1"]
[SourceVersionDate "2022.10.05"]
[SourceQuality "1"]

1. d4 d5 2. c4 c6 3. cxd5 cxd5 4. Nc3 Nf6 5. Bf4 Nc6 6. e3 Bf5 7. Qb3 Qd7 8. Nf3 e6 9. Ne5 Qc8 10. Bb5 Nd7 11. Qa4 Ndxe5 12. Bxe5 f6 13. Bg3 a6 14. Bxc6+ bxc6 15. 0-0 Qd7 16. b4 Bd3 17. Rfc1 Bd6 18. Qd1 Bg6 19. Na4 Bxg3 20. hxg3 Ra7 21. Nc5 Qd6 22. Qa4 0-0 23. Rc3 e5 24. Rac1 Rfa8 25. Nb3 Be8 26. Rc5 Rb7 27. Na1 Rb5 28. a3 Bd7 29. Qd1 Rxc5 30. Rxc5 Rb8 31. Qd3 Rb5 32. Nb3 g6 33. Qc3 Kg7 34. Qc1 exd4 35. exd4 Rxc5 36. Nxc5 Bc8 37. Qe3 Qd8 38. Qe2 f5 39. Qe5+ Kg8 40. Qb8 Kg7 41. Ne6+ 1-0

[Event "Ayr op"]
[Site "Ayr"]
[Date "2016.05.27"]
[Round "1"]
[White "Giulian Jackson, Rosemary"]
[Black "Rutherford, William"]
[Result "1-0"]
[WhiteElo "1864"]
[BlackElo "2050"]
[PlyCount "57"]
[EventDate "2016.05.27"]
[EventType "swiss"]
[EventRounds "5"]
[EventCountry "SCO"]
[SourceTitle "CBM 172 Extra"]
[Source "ChessBase"]
[SourceDate "2016.06.21"]
[SourceVersion "1"]
[SourceVersionDate "2016.06.21"]
[SourceQuality "1"]

1. e4 c6 2. d4 d5 3. e5 Bf5 4. Nd2 e6 5. Nb3 Nd7 6. Nf3 Qb6 7. Be2 f6 8. Bd2 Qc7 9. exf6 gxf6 10. Nh4 Bg6 11. Bh5 Ne7 12. Qg4 0-0-0 13. Bxg6 hxg6 14. Nxg6 Nxg6 15. Qxg6 Rxh2 16. 0-0-0 Rxh1 17. Rxh1 Bd6 18. g3 b6 19. Rh7 a5 20. Qd3 Kb7 21. Kb1 a4 22. Nc1 b5 23. Ne2 Kb6 24. Nf4 Bxf4 25. Bxf4 Qc8 26. Qe3 Nf8 27. Rc7 Qa6 28. Qc3 Qa8 29. Qc5+ 1-0

[Event "Oban op"]
[Site "Oban"]
[Date "2015.11.22"]
[Round "4"]
[White "Rutherford, William"]
[Black "Murdochy, Shivan"]
[Result "1-0"]
[WhiteElo "2064"]
[BlackElo "1912"]
[PlyCount "55"]
[EventDate "2015.10.20"]
[EventType "swiss"]
[EventRounds "5"]
[EventCountry "SCO"]
[SourceTitle "EXT 2023"]
[Source "ChessBase"]
[SourceDate "2022.10.05"]
[SourceVersion "1"]
[SourceVersionDate "2022.10.05"]
[SourceQuality "1"]

1. d4 e6 2. Nf3 Nf6 3. c4 b6 4. Bf4 Bb7 5. Nc3 Bb4 6. Qb3 Bxc3+ 7. Qxc3 d6 8. e3 Nbd7 9. Be2 Qe7 10. h3 0-0 11. 0-0 Rfe8 12. Rfe1 e5 13. Bh2 e4 14. Nd2 Nf8 15. b4 a5 16. a3 Ne6 17. Nb3 axb4 18. axb4 Rxa1 19. Rxa1 Ra8 20. Rxa8+ Bxa8 21. Qa1 Qd8 22. Qa7 Qc8 23. d5 Nf8 24. Nd4 c6 25. dxc6 Bxc6 26. Qxb6 Bd7 27. Bxd6 Qa8 28. Qb8 1-0

[Event "Oban op"]
[Site "Oban"]
[Date "2015.11.21"]
[Round "2"]
[White "Jelfs, Alan"]
[Black "Rutherford, William"]
[Result "1-0"]
[WhiteElo "1840"]
[BlackElo "2064"]
[PlyCount "105"]
[EventDate "2015.10.20"]
[EventType "swiss"]
[EventRounds "5"]
[EventCountry "SCO"]
[SourceTitle "EXT 2023"]
[Source "ChessBase"]
[SourceDate "2022.10.05"]
[SourceVersion "1"]
[SourceVersionDate "2022.10.05"]
[SourceQuality "1"]

1. d4 Nf6 2. c4 e6 3. Nf3 d5 4. Nc3 Be7 5. Bg5 0-0 6. e3 Nbd7 7. Qc2 c6 8. Rc1 h6 9. h4 Re8 10. Bf4 Qa5 11. c5 Ne4 12. Bd3 f5 13. Ne5 Qd8 14. Ng6 Bf6 15. f3 Nxc3 16. Qxc3 Nf8 17. Nxf8 Kxf8 18. h5 Kg8 19. Kd2 Bg5 20. Be5 Bf6 21. Bf4 Bg5 22. Be5 Bf6 23. Bh2 Bd7 24. Rcg1 b6 25. b4 a5 26. a3 axb4 27. axb4 bxc5 28. bxc5 Ra2+ 29. Bc2 Qa5 30. Ra1 Ra8 31. Qxa5 R8xa5 32. Rxa2 Rxa2 33. Rb1 Bg5 34. Rb8+ Kf7 35. Rb7 Ke8 36. g4 fxg4 37. fxg4 e5 38. Bxe5 Bxg4 39. Kc3 Bxh5 40. Bf5 Bxe3 41. Bd6 g5 42. Bd7+ Kf7 43. Bxc6+ Kf6 44. Be5+ Kf5 45. Bxd5 Ra3+ 46. Kb4 Rd3 47. Kc4 Be2 48. Rf7+ Kg4 49. Bf3+ Bxf3 50. Kxd3 Bg1 51. Rxf3 Kxf3 52. c6 g4 53. c7 1-0

[Event "Marymass op"]
[Site "Marymass"]
[Date "1999.??.??"]
[Round "5"]
[White "House, Glenn"]
[Black "Rutherford, William"]
[Result "1-0"]
[WhiteElo "2330"]
[BlackElo "2190"]
[PlyCount "49"]
[EventDate "1999.08.20"]
[EventType "swiss"]
[EventRounds "5"]
[EventCountry "SCO"]
[SourceTitle "EXT 2002"]
[Source "ChessBase"]
[SourceDate "2001.11.25"]
[SourceVersion "1"]
[SourceVersionDate "2001.11.25"]
[SourceQuality "1"]

1. e4 c6 2. d4 d5 3. exd5 cxd5 4. c4 Nf6 5. Nc3 e6 6. cxd5 Nxd5 7. Bd3 Nc6 8. Nf3 Bb4 9. Bd2 Nf6 10. 0-0 0-0 11. a3 Be7 12. Bg5 h6 13. Be3 a6 14. Bc2 Qd6 15. Qd3 Rd8 16. Rad1 Bf8 17. Rfe1 b5 18. Ne5 Bb7 19. Ng4 Be7 20. Nxf6+ Bxf6 21. Qh7+ Kf8 22. Ne4 Qc7 23. d5 Ne5 24. Bc5+ Ke8 25. dxe6 1-0

[Event "Marymass op"]
[Site "Marymass"]
[Date "1999.??.??"]
[Round "3"]
[White "Turner, Matthew"]
[Black "Rutherford, William"]
[Result "1-0"]
[WhiteElo "2478"]
[BlackElo "2190"]
[PlyCount "47"]
[EventDate "1999.08.20"]
[EventType "swiss"]
[EventRounds "5"]
[EventCountry "SCO"]
[SourceTitle "EXT 2001"]
[Source "ChessBase"]
[SourceDate "2000.11.22"]
[SourceVersion "1"]
[SourceVersionDate "2000.11.22"]
[SourceQuality "1"]

1. c4 Nf6 2. Nc3 e5 3. g3 d5 4. cxd5 Nxd5 5. Bg2 c6 6. Nf3 Qc7 7. 0-0 Nd7 8. d4 Nxc3 9. bxc3 Bd6 10. Qc2 0-0 11. e4 Re8 12. h3 Nf6 13. dxe5 Bxe5 14. Nxe5 Qxe5 15. Bf4 Qh5 16. g4 Qg6 17. Rfe1 h5 18. f3 Be6 19. a4 hxg4 20. hxg4 Rad8 21. Qf2 a6 22. Rad1 Bb3 23. Rxd8 Rxd8 24. Qb6 1-0

[Event "Perth op"]
[Site "Perth"]
[Date "1997.??.??"]
[Round "5"]
[White "Robertson, Ian C"]
[Black "Rutherford, William"]
[Result "1-0"]
[WhiteElo "2200"]
[BlackElo "2190"]
[PlyCount "73"]
[EventDate "1997.??.??"]
[EventType "swiss"]
[EventRounds "5"]
[EventCountry "SCO"]
[SourceTitle "EXT 2001"]
[Source "ChessBase"]
[SourceDate "2000.11.22"]
[SourceVersion "1"]
[SourceVersionDate "2000.11.22"]
[SourceQuality "1"]

1. e4 c6 2. d4 d5 3. exd5 cxd5 4. Bd3 Nc6 5. c3 g6 6. Nf3 Bg7 7. 0-0 Nh6 8. Bf4 f6 9. c4 0-0 10. cxd5 Qxd5 11. Nc3 Qh5 12. d5 Nd8 13. Re1 g5 14. Bc7 g4 15. Nd4 f5 16. Bc4 f4 17. Rxe7 f3 18. d6+ Kh8 19. d7 Nf5 20. Nxf5 Qxf5 21. Qd5 Bxd7 22. Rxd7 Nc6 23. Qxf5 Rxf5 24. Re1 fxg2 25. Be6 Rg5 26. Bf4 Rg6 27. Bf7 Rf6 28. Nd5 Rf5 29. Be6 Rh5 30. Bxg4 Rh4 31. h3 h5 32. Bd1 Rxh3 33. Kxg2 Rd3 34. Rh1 Rg8 35. Rxh5+ Bh6+ 36. Kh2 Rg6 37. Bc2 1-0

[Event "Glasgow op"]
[Site "Glasgow"]
[Date "1997.??.??"]
[Round "?"]
[White "Rutherford, William"]
[Black "Grant, Alan"]
[Result "1/2-1/2"]
[WhiteElo "2190"]
[BlackElo "2205"]
[PlyCount "67"]
[EventDate "1997.??.??"]
[EventType "swiss"]
[EventRounds "5"]
[EventCountry "SCO"]
[SourceTitle "EXT 2003"]
[Source "ChessBase"]
[SourceDate "2002.11.25"]
[SourceVersion "1"]
[SourceVersionDate "2002.11.25"]
[SourceQuality "1"]

1. d4 Nf6 2. Nf3 e6 3. Bf4 c5 4. c3 Nc6 5. e3 Qb6 6. Qc2 Nh5 7. Bg5 h6 8. Bh4 g5 9. Bg3 Nxg3 10. hxg3 Bg7 11. Nbd2 d5 12. dxc5 Qxc5 13. Nb3 Qb6 14. Nfd4 Bd7 15. a4 a6 16. a5 Qa7 17. f4 e5 18. fxe5 Bxe5 19. 0-0-0 0-0-0 20. Qf2 Bg4 21. Be2 Bxe2 22. Qxe2 Kb8 23. Rhf1 f6 24. g4 Ne7 25. Kb1 b6 26. c4 dxc4 27. Qxc4 b5 28. Qb4 Rc8 29. Rc1 Nd5 30. Qd2 Bxd4 31. Nxd4 Qb7 32. Nf5 Rcd8 33. Rfd1 b4 34. Nd4 1/2-1/2

[Event "Glasgow op"]
[Site "Glasgow"]
[Date "1997.??.??"]
[Round "?"]
[White "Rutherford, William"]
[Black "Robertson, Ian C"]
[Result "1-0"]
[WhiteElo "2190"]
[BlackElo "2200"]
[PlyCount "51"]
[EventDate "1997.??.??"]
[EventType "swiss"]
[EventRounds "5"]
[EventCountry "SCO"]
[SourceTitle "EXT 2003"]
[Source "ChessBase"]
[SourceDate "2002.11.25"]
[SourceVersion "1"]
[SourceVersionDate "2002.11.25"]
[SourceQuality "1"]

1. d4 f5 2. g3 Nf6 3. Bg2 e6 4. Nf3 Be7 5. c4 0-0 6. Nc3 Qe8 7. 0-0 d6 8. b4 Bd8 9. Qb3 Kh8 10. Bb2 e5 11. dxe5 dxe5 12. Nd5 c6 13. Nxf6 Bxf6 14. Rfd1 f4 15. gxf4 exf4 16. Bxf6 Rxf6 17. Rd4 Be6 18. Rad1 Na6 19. Ng5 Bg8 20. Qb2 Qh5 21. Nf3 Re8 22. a3 c5 23. Rd8 cxb4 24. axb4 Bxc4 25. Qe5 Bf7 26. Rxe8+ 1-0